000 00752nam a2200277Ia 4500
005 20260324143611.0
008 008 260324s9999 xx 000 0 eng d
020 _a9781003062912
037 _aEBOOK
040 _aCRL
040 _beng
040 _cCRL
041 _2eng
041 _aeng
084 _qCRL
100 _aW. Jantsch; R.A. Stradling
_91216240
245 0 _aD(X) Centres and other Metastable Defects in Semiconductors, Proceedings of the INT Symposium, Mauterndorf, Austria, 18-22 February 1991
260 _bTaylor and Francis
260 _c1991
365 _a
365 _b320
856 _uhttp://www.taylorfrancis.com/books/9781003062912
942 _cEBOOK
999 _c1821821
_d1821821